Being Hindu, being Indian: (Record no. 1320335)

MARC details
000 -LEADER
fixed length control field 00821nam a22002417a 4500
005 - DATE AND TIME OF LATEST TRANSACTION
control field 20250507144046.0
008 - FIXED-LENGTH DATA ELEMENTS--GENERAL INFORMATION
fixed length control field 250507b |||||||| |||| 00| 0 eng d
020 ## - INTERNATIONAL STANDARD BOOK NUMBER
International Standard Book Number 978-0-670-09407-3 (hbk)
037 ## - SOURCE OF ACQUISITION
Terms of availability TB
040 ## - CATALOGING SOURCE
Original cataloging agency CRL
Transcribing agency CRL
041 ## - LANGUAGE CODE
Source of code eng
Language code of text/sound track or separate title eng
084 ## - COLON CLASSIFICATION NUMBER
Classification number V2:51y7M65 R4
Assigning agency CRL
100 ## - MAIN ENTRY--PERSONAL NAME
Personal name Bhargav, Vanya Vaidehi
9 (RLIN) 752459
245 ## - TITLE STATEMENT
Title Being Hindu, being Indian:
Remainder of title Lala Lajpat Rai's ideas of nationhood
260 ## - PUBLICATION, DISTRIBUTION, ETC.
Place of publication, distribution, etc. Gurugram, India:
Name of publisher, distributor, etc. Penguin Random House,
Date of publication, distribution, etc. 2024.
300 ## - PHYSICAL DESCRIPTION
Extent xliii, 748p.
365 ## - TRADE PRICE
Price amount 1299.00
Currency code INR
650 ## - SUBJECT ADDED ENTRY--TOPICAL TERM
Topical term or geographic name entry element India History
650 ## - SUBJECT ADDED ENTRY--TOPICAL TERM
Topical term or geographic name entry element History
650 ## - SUBJECT ADDED ENTRY--TOPICAL TERM
Topical term or geographic name entry element Rai, Lajpat
9 (RLIN) 609149
942 ## - ADDED ENTRY ELEMENTS (KOHA)
Source of classification or shelving scheme Colon Classification (CC)
Koha item type Textbook
Classification part V2:51y7M65 R4
Suppress in OPAC No
Holdings
Withdrawn status Lost status Source of classification or shelving scheme Damaged status Not for loan Home library Current library Date acquired Source of acquisition Cost, normal purchase price Inventory number Total Checkouts Full call number Barcode Date last seen Price effective from Koha item type
    Colon Classification (CC)     Central Library Central Library 2025-05-07 Pioneer Books Distributors 1299.00 078 & 2024-12-30   V2:51y7M65 R4 CL1682402 2025-05-07 2025-05-07 Textbook
Copyright @ Delhi University Library System